000 02189nam0a2200349 i 4500
001 RU\NLR\bibl\1990470
005 20260407131916.0
010 _a9785984290845
_91000
021 _aRU
_b2012-99302
_97327
035 _a(NLR Aleph) 001979012
090 _a4063330
_c4063330
100 _a20130122d2012 u y0rusy50 ca
101 0 _arus
102 _aRU
105 _aa |||||||||
200 1 _aНародный художник России, действительный член Российской академии художеств, лауреат Государственной премии им. И.Е. Репина Станислав Михайлович Никиреев. 1932-2007
_eвыставка произведений. К 80-летию со дня рождения
_eграфика
_eкаталог
_f[сост.: Т.И. Воронова
_gавт. ст.: Станислав Минаков, Н. Гневшев]
210 _aМичуринск
_c[б. и.]
_d2012
215 _a67 с.
_cил., цв. ил., портр.
_d30
300 _aЗагл. обл.: Станислав Никиреев - лучший рисовальщик мира
300 _aВ надзаг.: Упр. культуры и арх. дела Тамб. обл., Музей-усадьба нар. худож. СССР А.М. Герасимова
512 1 _aСтанислав Никиреев - лучший рисовальщик мира
600 1 _aНикиреев
_bС.М.
_f1932 - 2007
_gСтанислав Михайлович
_jКаталоги
_xВыставки
_92142931
_3RU\NLR\auth\661595961
686 _aЩ153(2Р=Рус)7-8Никиреев л62
702 1 _aВоронова
_bТ. И.
_gТамара Ильинична
_4220
702 1 _aНикиреев
_bС. М.
_f1932-2007
_gСтанислав Михайлович
_4570
712 0 2 _4570
_aМузей-усадьба народного художника СССР А. М. Герасимова
_cМичуринск
_9658270
_3RU\NLR\AUTH\8810078041
801 0 _aRU
_bNLR
_c20130122
_gRCR
801 1 _aRU
_bNLR
_c20130122
830 _aсост. по ЭК
942 _cBOOK
980 _aNBR